| 000 | 00391pam a2200157a 44500 | ||
|---|---|---|---|
| 008 | 230515b2007 xxu||||| |||| 00| 0 eng d | ||
| 020 | _aNULL | ||
| 041 | _aMARATHI | ||
| 082 | _aNULL | ||
| 100 | _aJADHA G.A | ||
| 245 | _a"ANTARANG POLISANCHE, KAVYASANGRAH" | ||
| 250 | _a1 | ||
| 260 |
_aPUNE _bPRAKASH B. PRINTERS _c2007 |
||
| 300 | _a50 | ||
| 650 | _a"ANTARANG POLISANCHE, KAVYASANGRAH" | ||
| 999 |
_c477819 _d477819 |
||